| 000 | 01040nam a2200241Ia 4500 | ||
|---|---|---|---|
| 003 | OSt | ||
| 005 | 20200709142811.0 | ||
| 008 | 191128s2018 ck fr 000 0dspa d | ||
| 020 | _a9789584832078 | ||
| 040 |
_aCO-JMCR _cCO-JMCR |
||
| 041 | 0 | _aspa | |
| 082 | 0 | 4 |
_a336.86 / _bM828g _223 |
| 100 | 1 |
_aMorales Domínguez, David Fernando, _eautor _9275 |
|
| 245 | 1 | 0 |
_aGuía del presupuesto general de la Nación / _cDavid Fernando Morales Domínguez |
| 250 | _aPrimera edición | ||
| 260 |
_aBogotá : _bAF&M, _c2018 |
||
| 300 |
_a136 páginas : _c21 cm. |
||
| 500 | _aIncluye notas a pie de páginas y datos biográficos del autor. | ||
| 505 | 0 | _aExclusividad de la regulación presupuestal -- Cobertura del estatuto orgánico del presupuesto -- El sistema presupuestal -- Los principios del sistema presupuestal -- Preparación, presentación, estudio y liquidación del presupuesto general de la Nación | |
| 650 | 1 | 4 |
_aPresupuesto _vguías _zColombia _96923 |
| 650 | 1 | 4 |
_aGastos públicos _vguías _zColombia _96924 |
| 942 |
_2ddc _cBK |
||
| 999 |
_c4012 _d4012 |
||